Jesucristo en San Pablo

Salvato in:
Dettagli Bibliografici
Autore principale: Cerfaux, Lucien (Autore)
Natura: Libro
Lingua:spagnolo
Pubblicazione: Bilbao Desclée de Brouwer 1955
Serie:Colección Veritas et Justitia, 2
Soggetti:
Tags: Aggiungi Tag
Nessun Tag, puoi essere il primo ad aggiungerne!!

MARC

LEADER 00000nam a2200000 a 4500
001 UCL2261
003 CL-VaPUC
008 031017e19550000SP |||||||||||||||||spa|d
082 0 4 |a 227  |b CER  |2 21 
100 0 |a Cerfaux, Lucien  |e author  |9 479316 
245 1 0 |a Jesucristo en San Pablo 
300 |a 454 p 
942 |c BK 
945 |d 20031017 00:00:00  |a vberengu 
260 |a Bilbao  |b Desclée de Brouwer  |c 1955 
600 0 |a Jesús  |9 313614 
600 0 |a Pablo de Tarso, Santo  |9 321163 
650 0 |a Epístolas paulinas  |9 479071 
650 0 |a Cristología   |9 315091 
650 0 |a Cristianismo  |9 257361 
583 |a last modification  |c 20031017 00:00:00  |k Rodrigo Vera 
490 0 |a Colección Veritas et Justitia, 2 
999 |c 305611  |d 305609 
952 |0 0  |1 0  |4 0  |6 227_000000000000000_CER_1955  |7 0  |8 A  |9 369737  |a BIBTEO  |b BIBTEO  |d 2019-11-21  |i 2090376  |o 227 CER 1955  |p 2090376  |r 2025-01-17  |w 2019-11-21  |y BK  |k ICR 
952 |0 0  |1 0  |4 0  |6 227_000000000000000_CER_1955  |7 0  |8 A  |9 369738  |a BIBTEO  |b BIBTEO  |d 2019-11-21  |i 2090384  |o 227 CER 1955  |p 2090384  |r 2025-01-17  |w 2019-11-21  |y BK  |k ICR 
952 |0 0  |1 0  |4 0  |6 227_000000000000000_CER_1955  |7 0  |8 A  |9 369739  |a BIBTEO  |b BIBTEO  |d 2019-11-21  |i 2090392  |o 227 CER 1955  |p 2090392  |r 2019-11-21  |w 2019-11-21  |y BK  |k ICR 
952 |0 0  |1 0  |4 0  |6 227_000000000000000_CER_1955  |7 0  |8 A  |9 369740  |a BIBTEO  |b BIBTEO  |d 2019-11-21  |i 2090406  |o 227 CER 1955  |p 2090406  |r 2025-01-17  |w 2019-11-21  |y BK  |k ICR